000 00848nam a2200301Ia 4500
003 OSt
005 20220912150602.0
006 a|||||r|||| 00| 0
007 ta
008 220909b |||||||| |||| 00| 0 eng d
020 _a0387009280 (hbd)
024 _a11790
037 _bGovinda,
037 _cTextual
040 _aCSL
_beng
_cCSL
041 _aeng
082 _aB2817, P3-;1
100 _aLahiri S N
245 0 _aResampling methods for dependent data
260 _aNew York
_b Springer-Verlag
_c2003
300 _axiv, 374p
490 _aSpringer series in statistics
500 _aAppendix A-B, 339-348p; Bibliographical references 349-366p; Index 367-374p
650 _a Sampling
650 _aStatistics
942 _hB2817, P3-;1
_cTEXL
_2CC
999 _c50591
_d50591